00780naa a22002177a 4500001001000000003000900010005001700019007000300036008003400039040005400073041000900127072002000136100001800156245012900174260003700303500009400340650001000434650001700444650001000461773009100471BR8900415BR-BrBNA20240918180400.0ta230509b bl.||||| |||| 00| 0 por d aBR-BrBNAbporcBiblioteca Nacional de Agricultura a(Pt) aM11; M12b/G5141 aFontenele, O.1 aO posto de piscicultura de Lima Campos: suas instalacoes, sua organizacao e seus primeiros dez anos de funcionamento [Ceara]3 aFortaleza, CE (Brasil): c1982.  aColetanea de trabalhos tecnicos Fortaleza, CE (Brasil): 1982. p. 47-68 (BR8900415-AM)M11  aACUDE aPISCICULTURA aCEARA0 tColetanea de trabalhos tecnicoswM11 BR8900415gFortaleza, CE (Brasil), 1982. p. 47-68